000 00302nam a2200133 i 4500
001 bg
100 1 _aSAWCZUK, Janusz
245 0 _aŁambinowice oskarżają /
_cJanusz Sawczuk.
260 _aOpole,
_c1977.
040 _cBPK
041 _apol
942 _cKS
008 s pl f |000 0 pol
999 _c9616
_d9616
856 _uhttp://koha.tu.koszalin.pl/cgi-bin/koha/opac-detail.pl?biblionumber=9616
_yKatalog online BPK